Педагогические проблемы : (Record no. 466896)
[ view plain ]
| 000 -LEADER | |
|---|---|
| fixed length control field | 01238nam a2200193 a 4500 |
| 001 - CONTROL NUMBER | |
| control field | 000009750 |
| 003 - CONTROL NUMBER IDENTIFIER | |
| control field | AM-YeHGA |
| 005 - DATE AND TIME OF LATEST TRANSACTION | |
| control field | 20250618075455.0 |
| 008 - FIXED-LENGTH DATA ELEMENTS--GENERAL INFORMATION | |
| fixed length control field | 030212s1966 ai r 000 0 rus d |
| 040 ## - CATALOGING SOURCE | |
| Original cataloging agency | AM-YeHGA |
| 090 ## - LOCALLY ASSIGNED LC-TYPE CALL NUMBER (OCLC); LOCAL CALL NUMBER (RLIN) | |
| -- | 470118 |
| 245 00 - TITLE STATEMENT | |
| Title | Педагогические проблемы : |
| Remainder of title | Материалы первой объединенной конференции институтов педагогических наук Азербайджана, Армении и Грузии (25-28 ноября 1964 г.) / |
| Statement of responsibility, etc. | НИИ пед. наук м-ва просвещ. АрмССР ; Ред. Р. Атаян. |
| 260 ## - PUBLICATION, DISTRIBUTION, ETC. | |
| Place of publication, distribution, etc. | Ереван : |
| Name of publisher, distributor, etc. | Б. и, |
| Date of publication, distribution, etc. | 1966. |
| 300 ## - PHYSICAL DESCRIPTION | |
| Extent | 206 с. |
| 650 14 - SUBJECT ADDED ENTRY--TOPICAL TERM | |
| Topical term or geographic name entry element | Педагогика |
| Form subdivision | Сборник |
| 700 1# - ADDED ENTRY--PERSONAL NAME | |
| Personal name | Աթայան, Ռաֆայել Արշակի, |
| Dates associated with a name | 1907-1990 |
| Relator term | ред. |
| Relationship | edt |
| 9 (RLIN) | 1123 |
| 710 0# - ADDED ENTRY--CORPORATE NAME | |
| Corporate name or jurisdiction name as entry element | Научно-исследовательский институт педагогических наук министерства просвещения АрмССР |
| 711 2# - ADDED ENTRY--MEETING NAME | |
| Meeting name or jurisdiction name as entry element | Объединенная конференция институтов педагогических наук Азербайджана, Армении и Грузии |
| Number of part/section/meeting | ( 1 : |
| Date of meeting or treaty signing | 25-28 ноября 1964 г. : |
| Location of meeting | Ереван) |
| Withdrawn status | Lost status | Damaged status | Not for loan | Collection | Home library | Current library | Date acquired | Total checkouts | Full call number | Barcode | Date last seen | Price effective from | Koha item type | Public note | Source of classification or shelving scheme |
|---|---|---|---|---|---|---|---|---|---|---|---|---|---|---|---|
| General | Fundamental Scientific Library | Fundamental Scientific Library | 28/02/2018 | PIII/22796 | FL0484953 | 28/02/2018 | 28/02/2018 | Գրքեր / Books | 30 Days Loan | ||||||
| General | Fundamental Scientific Library | Fundamental Scientific Library | 28/02/2018 | PIII/23033 | FL0484548 | 28/02/2018 | 28/02/2018 | Գրքեր / Books | 30 Days Loan | Universal Decimal Classification |
ՀՀ Գիտությունների ազգային ակադեմիայի հիմնարար գիտական գրադարան = Fundamental Scientific Library of NAS RA
All site content, except where otherwise noted, is licensed under a